| 000 | 00594nam a22001937a 4500 | ||
|---|---|---|---|
| 005 | 20170216165402.0 | ||
| 010 | _aENG-117285 | ||
| 020 |
_a9789386062703 _c895.00 |
||
| 035 | _aEN-100817 | ||
| 037 | _bDBAD/PUB | ||
| 082 | 0 | 0 | _a371.26 |
| 100 | _a Frey,Bruce B. | ||
| 245 | 1 | 0 |
_aModern classroom assessment / _cby Bruce B. Frey |
| 260 |
_aNew Delhi _bSAGE Publications _c2017 |
||
| 270 |
_aB1/I-1 Mohan Cooperative Industrial Area, Mathura Road _bNew Delhi _e110044 |
||
| 300 |
_axxi,366p. : _c24cm(pbk) _bill |
||
| 500 | _aIncludes index | ||
| 942 |
_2ddc _cEN _h371.26 _mFRE |
||
| 999 |
_c137672 _d137672 |
||